| 000 | 00000nam##2200000za#4500 |
| 001 | 9.571845 |
| 003 | CaOODSP |
| 005 | 20210624182927 |
| 007 | cr ||||||||||| |
| 008 | 150406|2008||||xxc|||||o f|0| 0 eng|d |
| 040 | |aCaOODSP|beng |
| 043 | |an-cn--- |
| 086 | 1 |aNH18-24/11-2008E-PDF |
| 110 | 2 |aCanada Mortgage and Housing Corporation. |
| 245 | 10|aWhen you must leave your house due to a prolonged winter power outage |h[electronic resource] |
| 250 | |aRev. 2008 |
| 260 | |bCanada Mortgage and Housing Corporation |cc2004. |
| 300 | |a4p. |
| 490 | 1 |aAbout your house |vCE11 |
| 520 | 3 |aIf you must leave your home for more than 24 hours because of power failure, here are some simple things to do to prevent house damage. |
| 590 | |a11-23-Supp|b2011-10-17 |
| 690 | 07|aEmergency preparedness|2gcpds |
| 690 | 07|aHeating|2gcpds |
| 690 | 07|aHousing|2gcpds |
| 775 | 08|tSi vous devez quitter votre maison à cause d'une longue interruption de courant en hiver |w(CaOODSP)9.602266 |
| 830 | #0|aAbout your house ;|vCE11|w(CaOODSP)9.505388 |
| 856 | 40|ahttp://publications.gc.ca|qPDF|s617 KB|uhttps://publications.gc.ca/collections/collection_2011/schl-cmhc/nh18-24/NH18-24-11-2008-eng.pdf|yCE11 |